000
00354nam a2200145Ia 4500
008
151213s9999 xx 000 0 und d
100
_a
B. Polovoi
245
_a
A Story About A Real Man
_c
B. Polovoi
260
_a
Moscow
_b
Progress Publishers
_c
1967
300
_a
6516 p.
650
_a
English
650
_a
Novel
700
_a
B. Polovoi
999
_c
3605
_d
3605